| 000 | 00870nam a2200265 i 4500 | ||
|---|---|---|---|
| 001 | 000003034 | ||
| 003 | DO-SdBNP | ||
| 005 | 20250521104157.0 | ||
| 007 | ta | ||
| 008 | 250521s2024 dr c r 100 0 spa | ||
| 020 | _a9789945603910 | ||
| 040 |
_aDO-SdBNP _bspa _cBNPHU _erda |
||
| 041 | _hspa | ||
| 082 | 4 |
_axxx _bP796 _222 |
|
| 111 | 2 |
_aPonencias y Conclusiones del Primer Foro Nacional del Covid ( _d10 de marzo de 2023) _cPUCMM, Campus de Santo Domingo _99609 |
|
| 245 | 1 | 0 |
_aLo que aprendimos del Covid : _bponencias y conclusiones del primer foro nacional del covid |
| 264 |
_aSanto Domingo : _bPUCMM, _c2024 |
||
| 300 |
_a169 páginas : _bilustraciones ; _c22 cm. |
||
| 336 |
_atexto _btxt _2rdacontent |
||
| 337 |
_asin mediación _bn _2rdamedia |
||
| 338 |
_avolumen _bnc _2rdacarrier |
||
| 590 | _aInventariado, 2025/DG | ||
| 910 | _aDG | ||
| 942 |
_2ddc _cLBS1 |
||
| 999 |
_c59072 _d59072 |
||